000 00765nam a2200253 a 4500
999 _c9195
_d9195
001 9195
003 BD-JhCC
005 20180319192850.0
008 920918s1991 ii c b 000 0 eng
020 _cRs300.00
035 _a(BD-JhCC)9195
040 _aDLC
_cDLC
_dDLC
_dBD-JhCC
041 _aeng
050 0 0 _aDS485.K27
_bK379 1991
082 _bLAM 1991
_a327.540549
100 1 _aLamb, Alastair
245 1 0 _aCrisis in Kashmir 1947 to 1966 /
_cAlastair Lamb
260 _aSrinagar :
_bSuman Publications ;
_aNew Delhi :
_bSole distributors, Migrants,
_c1991.
300 _a330 p. :
_bports. ;
_c22 cm.
504 _aIncludes bibliographical references.
651 0 _aJammu and Kashmir (India)
_xPolitics and government.
942 _2ddc
_cBK